00924nam a2200253Ia 4500003000400000005001700004008004100021020001800062040001800080041000800098082001900106100002500125245005600150250003800206260005700244300002700301650003400328650003000362650003500392650003300427942002900460999001900489952016200508OSt20220211134956.0210716s2003 xx 000 0 und d a9788120343146 cAIMIT LIBRARY aeng a651.729bMCGE aMcGrath, E H.919328 aBasic managerial skills for all /cBy E. H. McGrath a9th ed.bEastern Economy Edition. aNew Delhi :bPrentice Hall of India PVt Ltd ,c2011. axxiii, 812p. ;c24 cm. aBusiness Communication919329 aHow to Run Meeting919330 aHow to Teach and Train 919331 aHow to Face Interview919332 2ddccBKe9thk651.7 MCGE c208170d208170 00102ddc40708MBAaAIMITbAIMITd2013-10-10g395.00iBill no:976; Bill dt:2013-09-05l0o651.7 MCGEpMBA10736r2025-07-21 00:00:00v296.25w2021-07-16yBK